000 00451nam a2200145Ia 4500
008 100204s9999 xx 000 0 und d
082 _b5027
100 _aदेशमुख वसंत
245 _aसरकारी दिवस
260 _b"मुक्ता प्रकाशन , मुंबई"
_c1982
300 _a311
630 _aसरकारी दिवस
730 _aसरकारी दिवस
942 _cBOOK
999 _c449678
_d449675